| 000 | 00589nam a22002057a 4500 | ||
|---|---|---|---|
| 003 | OSt | ||
| 005 | 20160704145912.0 | ||
| 008 | 160704b xxu||||| |||| 00| 0 eng d | ||
| 020 | _a0306466201 | ||
| 040 | _cDNLM. | ||
| 082 | _aGZ160E21c 2002. | ||
| 100 |
_aEverly,S.George,Jr;Lating,M.Jeffrey; _99928 |
||
| 245 | _aA clinical Guide to the treatment of the Human Stress Response. | ||
| 250 | _a2nd ed. | ||
| 260 |
_aNew York. _bKluwer Academic. _c2002. |
||
| 300 |
_axix,478p; _bill; _c23cm. |
||
| 504 | _aincludes index. | ||
| 650 |
_aHuman Stress Response. _99929 |
||
| 942 |
_2z _cO_SHELF |
||
| 999 |
_c4620 _d4620 |
||